|
|
|
|
| LEADER |
00848cam a2200253 7i4500 |
| 001 |
0000034712 |
| 005 |
20200519090000.0 |
| 008 |
110310 eng |
| 020 |
|
|
|a 9780763780319 (pbk.)
|
| 090 |
0 |
0 |
|a RT85
|b .F78 2011
|
| 100 |
1 |
|
|a Fry, Sara T
|
| 245 |
1 |
0 |
|a Case studies in nursing ethics
|c Sara T. Fry, Robert M. Veatch, Carol Taylor.
|
| 250 |
|
|
|a 4th ed.
|
| 260 |
|
|
|a Sudbury, MA:
|b Jones & Bartlett Learning,
|c 2011.
|
| 300 |
|
|
|a xxix, 506 p.:
|b ill.;
|c 23 cm.
|
| 504 |
|
|
|a Includes bibliographical references and index
|
| 650 |
0 |
0 |
|a Ethics, Nursing --
|x Case reports
|
| 650 |
0 |
0 |
|a Bioethical issues
|
| 650 |
0 |
0 |
|a Nursing ethics
|
| 700 |
1 |
|
|a Veatch, Robert M
|
| 700 |
1 |
|
|a Taylor, Carol
|
| 997 |
|
|
|a Health Sciences, Faculty
|
| 998 |
|
|
|a Nursing, Diploma
|
| 999 |
|
|
|a 0000043493
|b BOK
|c OPEN SHELF
|e 1st Floor, Shah Alam
|